00826 2200229 4500001002100000005001700021008004100038035002400079082001100103090002200114100003400136245013500170260008100305300002400386500008100410650004100491850001500532980001300547985000600560999001500566999001500581YOGYA-0209000002735120090227024133.0 ind  0010-020900000027351 a346.07 a346.07bInd LlQT aINDONESIA. Sekretariat Negara aLaporan pelaksanaan Inpres nomor 10 tahun 1981 tentang usaha peningkatan pengembalian kredit program massalcSekretariat Negara RI aJakartabTeam Koordinasi PeningkatanPengembalian Kredit Program Massalc1985 a22 hlmbilusc29 cm aSuplemen kredit usaha tani melalui KUD untuk intensifikasi padi dan palawija aKredit - Undang-undang dan peraturan aYOPDYOG(B) a13-03-07 a2 a06A0015409 a06A0015410